LEADER 01026nam a2200241 u 4500 001 000000076355 003 CaOOAMICUS 005 20070226123212.0 008 031124s1962 it u000 u fre u 035 $a10977342 040 $aPUL(R)$bita 100 1 $aDoyon, Jacques.$0(OLS)http://pul/name/39717 245 13$aLe concept d'alienation religieuse dans Marx :$bexcerpta. /$cJacques Doyon. 260 $aRome :$bUniversite de Sherbrooke,$c1962. 300 $a114 p. ;$c25 cm 502 $aDiss. - Pontificia Università Lateranense, 1962. 504 $aBibliografia in nota. 600 14$aMarx, Karl,$d1818-1883.$0(OLS)http://pul/subject/4942 850 $aPUL 852 $aPUL$W1$xDP1 Tesi Pon Univ. Lateranense$y41$mTH PUL.PHIL 8$j98106$nBK-PRI$b $qTesi$B98106$CPULBib$Z2$F98106 $H27491 $81 941 1 $a16 996 $6245$aLe concept d'alienation religieuse dans Marx :$bexcerpta.$9(OLS)http://pul/title/100165 996 $6260$aRome :$bUniversite de Sherbrooke$9(OLS)http://pul/publisher/74705 LEADER 01262nam a2200301 u 4500 001 000000045667 003 CaOOAMICUS 005 20070226114704.0 008 990611s1986 it u000 u ita u 035 $a10826438 040 $aPUL(R)$bita$dPUL(R) 245 00$aProblemi e prospettive di storia della scienza /$c[testi di Bachelard ; a cura di] Massimo Baldini. 260 $aRoma :$bCittà Nuova,$cc1986. 300 $a171 p. ;$c19 cm 490 1 $aIdee.$aFilosofia ;$v74 500 $aContributo di autori vari. 500 $aTitolazione dalla coperta. 504 $aNote bibliografiche. 650 4$aScienza$xStoria.$0(OLS)http://pul/subject/1198 700 1 $aBachelard, Gaston,$d1884-1962.$0(OLS)http://pul/name/5564 700 1 $aBaldini, Massimo,$d1947-2008.$0(OLS)http://pul/name/5596 830 0$aIdee.$pFilosofia ;$v74.$0(OLS)http://pul/title/10408 850 $aPUL 852 $aPUL$W1$xSL Filosofia 2$y80$mPhil A15 74$j61327$nBK-PRI$b $qStampati altre collocazioni$B61327$CPULBib$Z2$F61327 $H $81 941 1 $a10 961 $aINV: 57519 996 $6245$aProblemi e prospettive di storia della scienza$9(OLS)http://pul/title/61571 996 $6260$aRoma :$bCittà Nuova$9(OLS)http://pul/publisher/47927